| 000 | 01286nam a2200325Ia 4500 | ||
|---|---|---|---|
| 001 | ebr10250309 | ||
| 003 | CaPaEBR | ||
| 006 | m u | ||
| 007 | cr cn||||||||| | ||
| 008 | 080929s2008 inua sb 001 0 eng d | ||
| 010 | _z 2008026306 | ||
| 020 | _z0470229071 | ||
| 020 | _z9780470229071 | ||
| 040 |
_aCaPaEBR _cCaPaEBR |
||
| 035 | _a(OCoLC)298103814 | ||
| 050 | 1 | 4 |
_aHF5548.4.M5257 _bM53 2008eb |
| 082 | 0 | 4 |
_a658.500285/55 _222 |
| 245 | 0 | 0 |
_aMicrosoft Office PerformancePoint Server 2007 _h[electronic resource] / _cElaine Andersen ... [et al.]. |
| 260 |
_aIndianapolis, IN : _bWiley Pub., _cc2008. |
||
| 300 |
_axxxiii, 417 p. : _bill. |
||
| 504 | _aIncludes bibliographical references and index. | ||
| 533 |
_aElectronic reproduction. _bPalo Alto, Calif. : _cebrary, _d2009. _nAvailable via World Wide Web. _nAccess may be limited to ebrary affiliated libraries. |
||
| 630 | 0 | 0 | _aMicrosoft PerformancePoint server. |
| 650 | 0 |
_aBusiness _xComputer programs. |
|
| 650 | 0 |
_aPerformance _xManagement _xComputer programs. |
|
| 655 | 7 |
_aElectronic books. _2local |
|
| 700 | 1 |
_aAndersen, Elaine, _d1971- |
|
| 710 | 2 | _aebrary, Inc. | |
| 856 | 4 | 0 |
_uhttp://site.ebrary.com/lib/rucke/Doc?id=10250309 _zAn electronic book accessible through the World Wide Web; click to view |
| 999 |
_c149861 _d149861 |
||